[Event "Styrian op U14/16 24th"]
[Site "Mureck"]
[Date "2017.08.08"]
[Round "7"]
[White "Skok, Amalija"]
[Black "Hanc, Nejc"]
[Result "1/2-1/2"]
[WhiteElo "1418"]
[BlackElo "1426"]
[PlyCount "60"]
[EventDate "2017.08.02"]
[EventType "swiss"]
[EventRounds "9"]
[EventCountry "AUT"]
[SourceTitle "EXT 2019"]
[Source "ChessBase"]
[SourceDate "2018.10.10"]
[SourceVersion "1"]
[SourceVersionDate "2018.10.10"]
[SourceQuality "1"]

1. d4 f5 2. e4 fxe4 3. Nc3 Nf6 4. Bg5 d5 5. Bxf6 exf6 6. Qh5+ g6 7. Qxd5 Bb4 8. Qxe4+ Kf7 9. Bc4+ Kg7 10. Nge2 Re8 11. Qd3 Bf5 12. Qd2 Nc6 13. 0-0-0 Bd6 14. g3 Na5 15. Bd3 Bxd3 16. Qxd3 c6 17. a3 b6 18. h4 h5 19. g4 hxg4 20. h5 f5 21. Rdg1 Qg5+ 22. Kb1 gxh5 23. f3 Re3 24. Rxh5 Qxh5 25. Qxe3 Re8 26. fxg4 fxg4 27. Rxg4+ Qxg4 28. Qxe8 Qf5 29. Qe4 Qxe4 30. Nxe4 Bc7 1/2-1/2

[Event "Styrian op U14/16 24th"]
[Site "Mureck"]
[Date "2017.08.05"]
[Round "4"]
[White "Lackner, Lorenz"]
[Black "Skok, Amalija"]
[Result "0-1"]
[WhiteElo "1535"]
[BlackElo "1418"]
[PlyCount "112"]
[EventDate "2017.08.02"]
[EventType "swiss"]
[EventRounds "9"]
[EventCountry "AUT"]
[SourceTitle "EXT 2019"]
[Source "ChessBase"]
[SourceDate "2018.10.10"]
[SourceVersion "1"]
[SourceVersionDate "2018.10.10"]
[SourceQuality "1"]

1. e4 c6 2. d4 d5 3. e5 Bf5 4. Bd3 Bxd3 5. Qxd3 e6 6. Ne2 c5 7. dxc5 Qb6 8. Nbc3 Bxc5 9. Qb5+ Qxb5 10. Nxb5 Na6 11. 0-0 Ne7 12. Bg5 Ng6 13. Bf4 Nxf4 14. Nxf4 0-0 15. Nd3 b6 16. g4 Nb4 17. Nxb4 Bxb4 18. c3 Be7 19. Kg2 a6 20. Nd4 Rac8 21. Rh1 g5 22. Nf3 Rc4 23. Kg3 Rf4 24. h4 f6 25. hxg5 fxg5 26. Nd4 Rxf2 27. Nf5 Bc5 28. b4 Be3 29. Rhe1 exf5 30. Rxe3 f4+ 31. Kxf2 fxe3+ 32. Kxe3 Rf4 33. Rg1 Re4+ 34. Kd3 Kf7 35. Rf1+ Rf4 36. Rxf4+ gxf4 37. Kd4 Ke6 38. a4 b5 39. axb5 axb5 40. g5 f3 41. Ke3 Kxe5 42. Kxf3 Kf5 43. Ke3 Kxg5 44. Kd4 h5 45. Kxd5 h4 46. Kc5 h3 47. Kxb5 h2 48. Ka6 h1Q 49. b5 Qa8+ 50. Kb6 Kf6 51. Kc7 Ke7 52. c4 Qa4 53. b6 Qxc4+ 54. Kb8 Kd6 55. b7 Kc6 56. Kc8 Qg8# 0-1

[Event "SLO-ch U16 Girls"]
[Site "Ptuj"]
[Date "2017.03.02"]
[Round "6"]
[White "Skok, Amalija"]
[Black "Urh, Zala"]
[Result "0-1"]
[WhiteElo "1465"]
[BlackElo "2015"]
[PlyCount "92"]
[EventDate "2017.02.25"]
[EventType "swiss"]
[EventRounds "7"]
[EventCountry "SLO"]
[SourceTitle "CBM 177 Extra"]
[Source "ChessBase"]
[SourceDate "2017.04.27"]
[SourceVersion "1"]
[SourceVersionDate "2017.04.27"]
[SourceQuality "1"]

1. d4 Nf6 2. c4 g6 3. Nc3 Bg7 4. e4 d6 5. Nf3 0-0 6. Bg5 h6 7. Bh4 Nbd7 8. Be2 e5 9. d5 a5 10. 0-0 g5 11. Bg3 Nh5 12. h3 Nf4 13. Bxf4 exf4 14. Qc2 Nc5 15. Nd2 f5 16. exf5 Bxf5 17. Nce4 Qe8 18. Bf3 Qg6 19. Rfe1 Rae8 20. Qd1 Rxe4 21. Nxe4 Nxe4 22. Qe2 Nc5 23. Bh5 Qf7 24. Qe7 Qxe7 25. Rxe7 Bxb2 26. Rae1 Na6 27. Kh2 Bf6 28. R7e6 Bxe6 29. dxe6 Be7 30. Bf7+ Kg7 31. Re4 Nc5 32. Re1 Nd3 33. Re2 Ne5 34. Rb2 b6 35. Bh5 Kf6 36. Re2 Kxe6 37. Bg4+ Kf6 38. Rb2 Nxg4+ 39. hxg4 Ke6 40. Re2+ Kd7 41. a4 Bf6 42. f3 Re8 43. Rc2 Bd4 44. Rc1 Re2 45. Rd1 Bf2 46. Rc1 Re1 0-1

[Event "SLO-ch U16 Girls"]
[Site "Ptuj"]
[Date "2017.03.01"]
[Round "5"]
[White "Groselj, Kaja"]
[Black "Skok, Amalija"]
[Result "1/2-1/2"]
[WhiteElo "1327"]
[BlackElo "1465"]
[PlyCount "63"]
[EventDate "2017.02.25"]
[EventType "swiss"]
[EventRounds "7"]
[EventCountry "SLO"]
[SourceTitle "CBM 177 Extra"]
[Source "ChessBase"]
[SourceDate "2017.04.27"]
[SourceVersion "1"]
[SourceVersionDate "2017.04.27"]
[SourceQuality "1"]

1. e4 c6 2. d4 d5 3. Nc3 dxe4 4. Nxe4 Bf5 5. Nc5 Qc7 6. Nf3 e5 7. Nb3 exd4 8. Nfxd4 Bg6 9. Bd3 Bxd3 10. Qxd3 Nf6 11. 0-0 Be7 12. Re1 0-0 13. Qf3 Bd6 14. h3 h6 15. Bxh6 Nbd7 16. Bg5 Rfd8 17. Rad1 a5 18. Nd2 Bh2+ 19. Kh1 Ne5 20. Qc3 Rd5 21. N4f3 Nxf3 22. Nxf3 Ne4 23. Qe3 Rxd1 24. Rxd1 Nxg5 25. Nxh2 Ne6 26. Ng4 Rd8 27. Rxd8+ Qxd8 28. Qb3 b5 29. Qc3 c5 30. Ne5 a4 31. Qd3 Qg5 32. Ng4 1/2-1/2

[Event "Otocec Krka Terme op"]
[Site "Otocec"]
[Date "2016.10.23"]
[Round "5"]
[White "Skok, Amalija"]
[Black "Pajek, Tjasa"]
[Result "1/2-1/2"]
[WhiteElo "1476"]
[BlackElo "1205"]
[PlyCount "91"]
[EventDate "2016.10.21"]
[EventType "swiss"]
[EventRounds "5"]
[EventCountry "SLO"]
[SourceTitle "EXT 2019"]
[Source "ChessBase"]
[SourceDate "2018.10.10"]
[SourceVersion "1"]
[SourceVersionDate "2018.10.10"]
[SourceQuality "1"]

1. d4 d5 2. c4 e6 3. Nc3 c6 4. cxd5 cxd5 5. Nf3 Nc6 6. Bf4 Bd6 7. Bxd6 Qxd6 8. Rc1 a6 9. e3 Nf6 10. Qa4 Qb4 11. Qxb4 Nxb4 12. a3 Nc6 13. Bd3 0-0 14. h4 Re8 15. h5 h6 16. Ne5 Nxe5 17. dxe5 Ng4 18. f4 Nxe3 19. Kf2 Nc4 20. Bxc4 dxc4 21. Ne4 b5 22. Nc5 Rb8 23. Rhd1 Bb7 24. Rd6 a5 25. Rb6 Bd5 26. Rd6 Red8 27. Nd7 Rbc8 28. g4 Kh8 29. Ke3 Rc6 30. Rxc6 Bxc6 31. Nc5 Rd5 32. b4 a4 33. Rc3 Kh7 34. Ne4 Rd1 35. Nf2 Rb1 36. Kd4 Rb3 37. Nd1 Bf3 38. Ne3 g6 39. hxg6+ Kxg6 40. f5+ exf5 41. gxf5+ Kg5 42. e6 fxe6 43. fxe6 Kf6 44. e7 Kxe7 45. Nf5+ Kd7 46. Nxh6 1/2-1/2

[Event "Otocec Krka Terme op"]
[Site "Otocec"]
[Date "2016.10.22"]
[Round "3"]
[White "Skok, Amalija"]
[Black "Zupan, Gorazd"]
[Result "1-0"]
[WhiteElo "1476"]
[BlackElo "1768"]
[PlyCount "95"]
[EventDate "2016.10.21"]
[EventType "swiss"]
[EventRounds "5"]
[EventCountry "SLO"]
[SourceTitle "EXT 2019"]
[Source "ChessBase"]
[SourceDate "2018.10.10"]
[SourceVersion "1"]
[SourceVersionDate "2018.10.10"]
[SourceQuality "1"]

1. d4 d5 2. c4 e6 3. Nc3 Nf6 4. cxd5 exd5 5. Bg5 Bb4 6. Qb3 Bxc3+ 7. bxc3 Nbd7 8. Qb4 b6 9. Nf3 c5 10. dxc5 Nxc5 11. e3 0-0 12. Be2 Nce4 13. Bh4 Bf5 14. 0-0 Rc8 15. Rac1 Bg4 16. Rfd1 Qc7 17. c4 a5 18. Qb3 Bxf3 19. gxf3 Nc5 20. Qb5 dxc4 21. Bxf6 gxf6 22. Rxc4 Rfd8 23. Rdd4 Kh8 24. Rg4 Qd6 25. Qb2 Rg8 26. Rcd4 Rxg4+ 27. fxg4 Qc6 28. Rf4 Ne4 29. Bf3 Qc1+ 30. Qxc1 Rxc1+ 31. Kg2 Nxf2 32. Kxf2 Rc2+ 33. Kg3 Rxa2 34. Rxf6 b5 35. Rxf7 b4 36. Rb7 Ra3 37. Kf2 b3 38. Be4 Ra2+ 39. Kg3 a4 40. Rxh7+ Kg8 41. Rb7 Rb2 42. Bd5+ Kf8 43. h4 Re2 44. Kf3 Rb2 45. h5 Rb1 46. h6 b2 47. Kg2 Rc1 48. Rxb2 1-0

[Event "Otocec Krka Terme op"]
[Site "Otocec"]
[Date "2016.10.21"]
[Round "1"]
[White "Skok, Amalija"]
[Black "Zlatanovic, Marcus"]
[Result "1-0"]
[WhiteElo "1476"]
[BlackElo "1255"]
[PlyCount "113"]
[EventDate "2016.10.21"]
[EventType "swiss"]
[EventRounds "5"]
[EventCountry "SLO"]
[SourceTitle "EXT 2019"]
[Source "ChessBase"]
[SourceDate "2018.10.10"]
[SourceVersion "1"]
[SourceVersionDate "2018.10.10"]
[SourceQuality "1"]

1. d4 Nf6 2. c4 g6 3. Nc3 Bg7 4. e4 d6 5. Nf3 e5 6. d5 0-0 7. Bd3 Nbd7 8. Bg5 h6 9. Bh4 Nc5 10. Bc2 Qd7 11. 0-0 Ne8 12. b4 Na6 13. a3 f5 14. exf5 gxf5 15. h3 e4 16. Nd4 c5 17. dxc6 bxc6 18. Ba4 Qc7 19. Bxc6 Bxd4 20. Bd5+ Kh7 21. Qxd4 Bb7 22. Nb5 Qd7 23. Bxb7 Qxb7 24. Nxd6 Nxd6 25. Qxd6 Rg8 26. Qe7+ Qxe7 27. Bxe7 Rg7 28. Bf6 Rg6 29. Be5 Rag8 30. g3 h5 31. h4 Rg4 32. Kh2 e3 33. fxe3 Rxc4 34. Rxf5 Rc2+ 35. Kh3 Kh6 36. Bf4+ Kg6 37. Rg5+ Kf7 38. Rxg8 Kxg8 39. Rd1 Ra2 40. Rd8+ Kf7 41. Rd7+ Kg8 42. Rxa7 Nxb4 43. Ra5 Nc2 44. Rxh5 Rxa3 45. Rg5+ Kh7 46. e4 Ra4 47. e5 Re4 48. Kg4 Ne3+ 49. Kf3 Rc4 50. Bxe3 Rc6 51. Kf4 Re6 52. Kf5 Re8 53. Bc5 Kh6 54. Kf6 Rh8 55. g4 Kh7 56. Kf7 Rf8+ 57. Bxf8 1-0

[Event "SLO-chT (Women)"]
[Site "Domzale"]
[Date "2016.04.17"]
[Round "7.12"]
[White "Skuhala, Barbara"]
[Black "Skok, Amalija"]
[Result "1-0"]
[WhiteElo "1931"]
[BlackElo "1318"]
[PlyCount "59"]
[EventDate "2016.04.01"]
[EventType "team-tourn"]
[EventRounds "7"]
[EventCountry "SLO"]
[SourceTitle "EXT 2019"]
[Source "ChessBase"]
[SourceDate "2018.10.10"]
[SourceVersion "1"]
[SourceVersionDate "2018.10.10"]
[SourceQuality "1"]
[WhiteTeam "Pomgrad Radenska (W)"]
[BlackTeam "Ptuj (W)"]
[WhiteTeamCountry "SLO"]
[BlackTeamCountry "SLO"]

1. e4 c6 2. d4 d5 3. f3 e6 4. Nc3 c5 5. exd5 exd5 6. dxc5 Nf6 7. Bg5 Be7 8. Qd2 0-0 9. 0-0-0 Be6 10. Kb1 Nbd7 11. Bb5 Nxc5 12. Nge2 Qb6 13. Nd4 Rfd8 14. h4 Bc8 15. Be3 a6 16. Be2 Qc7 17. g4 g6 18. h5 Bf8 19. Rdg1 Ne6 20. f4 Nxd4 21. Bxd4 Ne4 22. Nxe4 dxe4 23. hxg6 fxg6 24. Qe3 Re8 25. f5 Qf7 26. Rf1 Bd7 27. fxg6 Qxg6 28. Rf6 Qg7 29. Bc4+ Be6 30. Rxe6 1-0

[Event "Ptuj op 10"]
[Site "Ptuj"]
[Date "2015.10.25"]
[Round "3"]
[White "Pecnik, Maj"]
[Black "Skok, Amalija"]
[Result "1/2-1/2"]
[WhiteElo "1406"]
[BlackElo "1528"]
[PlyCount "50"]
[EventDate "2015.10.24"]
[EventType "swiss"]
[EventRounds "9"]
[EventCountry "SLO"]
[SourceTitle "CBM 169 Extra"]
[Source "ChessBase"]
[SourceDate "2015.12.18"]
[SourceVersion "1"]
[SourceVersionDate "2015.12.18"]
[SourceQuality "1"]

1. e4 e5 2. Nf3 Nc6 3. Bc4 Nf6 4. d3 Be7 5. c3 0-0 6. 0-0 h6 7. Bb3 d5 8. exd5 Nxd5 9. Nbd2 Nf6 10. Bc2 Bf5 11. Nb3 Qd7 12. Re1 Rad8 13. d4 Bxc2 14. Qxc2 exd4 15. Nbxd4 Nxd4 16. Nxd4 Rfe8 17. Bf4 Bc5 18. Rxe8+ Rxe8 19. Be3 Bxd4 20. Bxd4 Qe6 21. h3 b6 22. Qd2 Qe2 23. Qxe2 Rxe2 24. Rb1 Nd5 25. Kf1 Re8 1/2-1/2